Регионална библиотека "Любен Каравелов" - Русе

Goethe und Schiller in Briefen (Запис номер 343914)

MARC детайли
000 -Лидер
Контролно поле с фиксирана дължина 01196nam a2200361 c 4500
003 - Код на организацията, давaща контролен номер
Контролно поле BLK
005 - Дата и час на последна редакция
Контролно поле 20191001164223.0
008 - Елементи от данни с фиксирана дължина
fixed length control field 180911b bul|||||r ||||||| ||bul||
010 ## - Наследен системен номер
LC control number 003575
040 ## - Източник на каталожния запис
Идентификатор на билиотеката - собственик на записа BLK
041 ## - Код за език
Код за езика на текст/звукозапис или на отделно заглавие Немски
Код за езика КДБФ Български
080 ## - УДК
Текстов определител УДК Гьоте, Йохан92 Шилер, Фридрих
УДК определител 92
УДК - код + определител 830-6830(092)92
100 ## - Редна дума - Автор
Автор Vos, Heinrich
Авторска отговорност първи автор
R(LIN) 397828
245 00 - Сведения за заглавието
Заглавие Goethe und Schiller in Briefen
Редно поле (дума) Heinrich Vos; Hrsg. von Hans Gerhard Graf
260 ## - Област на издателските данни
Място на издаване, разпространение и проч. Leipzig
Име на издателя, разпространителя и проч. Philipp Reclam
Година на издаване s.a
300 ## - Физическа характеристика
Страници 191, 13 с
Илюстрации и др. с портр.
Размери/Мащаб 14 см
380 ## - Жанр
Жанр Литературознание
490 ## - СЕРИИ (Колекции)
Име на серия Univ.-Bibl
490 ## - СЕРИИ (Колекции)
Име на серия Miniatur-Ausg
490 ## - СЕРИИ (Колекции)
Име на серия Частна колекция - Академик Михаил Арнаудов
Бележки за серията Дарение - Основен фонд
520 ## - Забележка за наличие на резюме, анотация и т.н
Анотация, рецензия, сканиран текст Михаил Арнаудов: негови-книга
520 ## - Забележка за наличие на резюме, анотация и т.н
Анотация, рецензия, сканиран текст Бележки по текста : с. 28-29.
650 ## - Допълнително описание по предмет – тема
Основно описание – тема или топоним Биографии
9 (RLIN) 148657
650 ## - Допълнително описание по предмет – тема
Основно описание – тема или топоним Писатели
9 (RLIN) 166332
653 ## - Ключова дума – ненормативна
Ключова дума епос
653 ## - Ключова дума – ненормативна
Ключова дума писма
655 ## - Ключова дума – жанр/разновидност
Данни за жанр/разновидност или ключова дума за фокус немска литература
700 ## - Други автори (авторска отговорност)
Лично име Graf, Hans Gerhard
9 (RLIN) 124
Автороска отговорност (Описва отношението между автора и произведението) hrsg.
852 ## - Местоположение
Форматна сигнатура МА 826
Фондова буква Фонд "Михаил Арнаудов"
999 ## - СИСТЕМНИ КОНТРОЛНИ НОМЕРА
Koha biblionumber 343914
Koha biblioitemnumber 343914
942 ## - АРТИКУЛИ
Вид на библиотечния материал Книги
Скрит в OPAC Не
Периодичен библиозапис Да
944 ## - СЪЗДАВАНЕ И РЕДАКЦИЯ на ЗАПИСА
Създаване/Редакция Създаване
Дата на регистрацията/редакция 1996
Служител, извършил регистрацията/редакцията ValK
999 ## - СИСТЕМНИ КОНТРОЛНИ НОМЕРА
Koha biblioitemnumber 343914
Наличности
Код за отписване Код за изгубен артикул Източник на класификационната схема Код за повреда Коз за рестрикции Код за отдаване Артикулен № Име на библиотеката - собственик Име на библиотеката, в която се намира в момента Статус (Текущо местоположение) Местоположение - отдел Цена в лева Номерация (Хронология) Инвентарен номер Систематично азбучна сигнатура Баркод Номер на екземпляра Цена в евро Служебен тип на артикула Бележка за публиката
  Не е изгубен Universal Decimal Classification Не е повреден без рестрикции Специални фондове ( старопечатни, редки и ценни, фонд М. Арнаудов) 744257 Регионална библиотека "Любен Каравелов" Русе Регионална библиотека "Любен Каравелов" Русе Фонд "Михаил Арнаудов" Фонд "Михаил Арнаудов" 15.00   588097 МА 826 120000588097 1 7.67 Книги ; Бележки по текста : с. 28-29.;
Vip Innovations Ltd, Rousse, Bulgaria 2025